Statistiken für Essen in Songs

Klicken Sie hier um das Quiz zu spielen!

Allgemein

  • Dieses Quiz wurde 166 mal gespielt
  • Das Durchschnittsergebnis liegt bei 7 aus 16

Antwortstatistiken

SongtitelAntwort% Korrekt
_____ Sugar by Harry StylesWatermelon
82%
____ Shop by 50 CentCandy
81%
_____ Tree by Fools GardenLemon
80%
Pour Some _____ On Me by Def LeppardSugar
66%
American ___ by Don McLeanPie
63%
____ by the Ocean by DNCECake
62%
_____ Boat Song by Harry BelafonteBanana
54%
_________ Fields Forever by The BeatlesStrawberry
47%
Lady ________ by LaBelleMarmalade
39%
______ (ARE U COMING?) by MåneskinHoney
38%
_____ Bomb by Joan Jett & The BlackheartsCherry
27%
No _____ Today by Herman's HermitsMilk
26%
Gimme _______!! by BabymetalChocolate
21%
_________ Beret by PrinceRaspberry
19%
_________ Hill by Fats DominoBlueberry
14%
________ Girl by Tori AmosCornflake
5%

Verteilung der Resultate

Perzentil nach korrekt beantworteten Fragen

Anzahl Personen mit jedem Resultat

Ihre Resultats-Entwicklung

Sie haben dieses Quiz noch nicht gespielt